01721nam a2200409Ia 4500001001200000003000800012006001900020007001500039008004100054010001700095020004200112020003900154020003700193020003400230020002700264020002400291040002100315035002100336050002400357100002900381245013800410260006900548300003100617490003600648504006400684533015200748610003400900650005100934650004500985650005101030655002901081700001901110700002001129710001701149856012601166999001901292ebr10310840CaPaEBRm u cr cn|||||||||090115s2009 enkab sb 001 0 eng d z 2009001599 z9781845411008 (hardback : alk. paper) z1845411005 (hardback : alk. paper) z9781845410995 (pbk : alk. paper) z1845410998 (pbk : alk. paper) z9781845411015 (e-book) z1845411013 (e-book) aCaPaEBRcCaPaEBR a(OCoLC)42911646414aG155.C2bG46 2009eb1 aGeorge, E. Wanda,d1943-10aRural tourism developmenth[electronic resource] :blocalism and cultural change /cE. Wanda George, Heather Mair and Donald G. Reid. aBristol, UK ;aBuffalo, NY :bChannel View Publications,cc2009. axii, 276 p. :bill., maps.0 aTourism and cultural change, 17 aIncludes bibliographical references (p. 250-266) and index. aElectronic reproduction.bPalo Alto, Calif. :cebrary,d2009.nAvailable via World Wide Web.nAccess may be limited to ebrary affiliated libraries.20aTourism CanadavCase studies. 0aTourismxSocial aspectszCanadavCase studies. 0aRural developmentzCanadavCase studies. 0aSustainable developmentzCanadavCase studies. 7aElectronic books.2local1 aMair, Heather.1 aReid, Donald G.2 aebrary, Inc.40uhttp://site.ebrary.com/lib/rucke/Doc?id=10310840zAn electronic book accessible through the World Wide Web; click to view c161886d161886